000
00308 a2200145 4500
001
156245
040
_c
Escola São Tomás de Aquino
100
_a
WILLIAMS, Sam
240
1
0
_a
Diga paz
_l
por
245
1
0
_a
Diga paz
362
0
_a
2015
440
1
_a
Scipione
697
_a
*LITERATURA INFANTIL
942
_c
BK
999
_c
156245
_d
156245